[Event "4NCL"]
[Site "Barcelo Hotel, Hinckley Island"]
[Date "2011.05.01"]
[Round "10.13"]
[White "Povah, Nigel E"]
[Black "Devereaux, Maxim L"]
[Result "1-0"]
[WhiteElo "2336"]
[BlackElo "2385"]
[PlyCount "87"]
[EventDate "2011.??.??"]
[WhiteTeam "Guildford A&DC 1"]
[BlackTeam "Barbican 4NCL 1"]

1. d4 d5 2. Bg5 f6 3. Bf4 c5 4. e3 Nc6 5. Bd3 Be6 6. c3 Qb6 7. Ne2 Bf7 8. dxc5
Qxb2 9. Nd2 e5 10. Rb1 Qa3 11. Rxb7 Bxc5 12. Nb1 Qa5 13. Rb5 Qc7 14. Rxc5 Qd6
15. Rxc6 Qxc6 16. Qb3 Qc7 17. Qa4+ Kf8 18. Bg3 Ne7 19. O-O h5 20. h4 Qc5 21.
Nd2 Be8 22. Qa6 Rb8 23. Nb3 Qb6 24. Qa3 Bb5 25. Bxb5 Qxb5 26. Ned4 Qe8 27. Nf5
Qd7 28. e4 dxe4 29. Ne3 Kf7 30. c4 Rhd8 31. c5 Nc6 32. Nc4 Qd5 33. Nd6+ Kg6 34.
Qc1 Rb4 35. Rd1 Qe6 36. Qe3 a5 37. Rc1 a4 38. Nd2 Qxa2 39. N2c4 Rxc4 40. Nxc4
Rd4 41. Nxe5+ fxe5 42. Bxe5 Nxe5 43. Qxd4 Kf5 44. c6 1-0

[Event "4NCL"]
[Site "Barcelo Hotel, Hinckley Island"]
[Date "2011.05.01"]
[Round "10.13"]
[White "Knott, Simon JB"]
[Black "Wall, Gavin"]
[Result "1/2-1/2"]
[WhiteElo "2329"]
[BlackElo "2319"]
[PlyCount "44"]
[EventDate "2011.??.??"]
[WhiteTeam "Barbican 4NCL 1"]
[BlackTeam "Guildford A&DC 1"]

1. Nf3 d6 2. d4 f5 3. g3 Nf6 4. Bg2 g6 5. O-O Bg7 6. b3 O-O 7. Bb2 c6 8. Nbd2
Na6 9. c4 e5 10. dxe5 Nd7 11. Nd4 Nxe5 12. a3 Nc7 13. b4 Qe7 14. Qb3 Qf7 15. f4
Ng4 16. e4 Ne6 17. Nc2 a5 18. Rae1 axb4 19. axb4 Bxb2 20. Qxb2 Qg7 21. Qxg7+
Nxg7 22. Ra1 Bd7 1/2-1/2

[Event "4NCL"]
[Site "Barcelo Hotel, Hinckley Island"]
[Date "2011.05.01"]
[Round "10.13"]
[White "Cooksey, Paul S"]
[Black "Ferguson, Mark"]
[Result "1/2-1/2"]
[WhiteElo "2264"]
[BlackElo "2379"]
[PlyCount "34"]
[EventDate "2011.??.??"]
[WhiteTeam "Guildford A&DC 1"]
[BlackTeam "Barbican 4NCL 1"]

1. Nf3 d5 2. d4 Nf6 3. c4 c6 4. Qc2 g6 5. Bf4 Bf5 6. Qb3 Qb6 7. c5 Qxb3 8. axb3
Bxb1 9. Rxb1 Bg7 10. e3 O-O 11. b4 a6 12. Be2 Nbd7 13. Ne5 Nxe5 14. Bxe5 Nd7
15. Bxg7 Kxg7 16. Rd1 Rad8 17. Kd2 Rfe8 1/2-1/2

[Event "4NCL"]
[Site "Barcelo Hotel, Hinckley Island"]
[Date "2011.05.01"]
[Round "10.13"]
[White "Morrison, Graham"]
[Black "Anderton, Matthew N"]
[Result "1/2-1/2"]
[WhiteElo "2340"]
[BlackElo "2225"]
[PlyCount "67"]
[EventDate "2011.??.??"]
[WhiteTeam "Barbican 4NCL 1"]
[BlackTeam "Guildford A&DC 1"]

1. d4 Nf6 2. c4 d6 3. Nc3 g6 4. e4 Bg7 5. Nf3 O-O 6. Be2 e5 7. O-O Nc6 8. d5
Ne7 9. Ne1 Nd7 10. f3 f5 11. g4 Kh8 12. h4 c6 13. Nd3 Nf6 14. Nf2 b5 15. dxc6
bxc4 16. Bxc4 Nxc6 17. Kg2 fxg4 18. fxg4 Nd4 19. g5 Nh5 20. Nd5 Qd7 21. Rh1 Rf3
22. Qxf3 Nxf3 23. Kxf3 Bb7 24. Be3 Nf4 25. Bxf4 Bxd5 26. Bxd5 Rf8 27. Nd3 h5
28. gxh6 Bxh6 29. Rag1 Qb5 30. Rd1 Bxf4 31. Ke2 Rc8 32. Kf3 Rf8 33. Ke2 Rc8 34.
Kf3 1/2-1/2

[Event "4NCL"]
[Site "Barcelo Hotel, Hinckley Island"]
[Date "2011.05.01"]
[Round "10.13"]
[White "Grigoryan, Meri"]
[Black "Lauterbach, Ingrid"]
[Result "1-0"]
[WhiteElo "2064"]
[BlackElo "2109"]
[PlyCount "81"]
[EventDate "2011.??.??"]
[WhiteTeam "Guildford A&DC 1"]
[BlackTeam "Barbican 4NCL 1"]

1. d4 d6 2. c4 e5 3. d5 f5 4. Nc3 Nf6 5. g3 Be7 6. Bg2 O-O 7. Bg5 Ng4 8. Bxe7
Qxe7 9. h3 Nh6 10. Qd2 f4 11. g4 a5 12. Ne4 Nf7 13. Nf3 b6 14. Qc2 Na6 15.
O-O-O Nc5 16. Nfd2 Bd7 17. Rdg1 Rac8 18. Nxc5 bxc5 19. Be4 Ng5 20. Bd3 h6 21.
h4 Nf7 22. g5 c6 23. Rg2 cxd5 24. cxd5 c4 25. Bg6 c3 26. bxc3 Rxc3 27. Qxc3 Rc8
28. Nc4 Bb5 29. Bd3 Qc7 30. Kd2 Qc5 31. gxh6 Nxh6 32. Rhg1 Qxd5 33. Rxg7+ Kf8
34. Qxa5 Bxc4 35. Qxd5 Bxd5 36. R7g6 e4 37. Rxh6 Rc6 38. Rh8+ Kf7 39. Rh7+ Kf6
40. Rh6+ Ke7 41. Rg5 1-0

[Event "4NCL"]
[Site "Barcelo Hotel, Hinckley Island"]
[Date "2011.05.01"]
[Round "10.14"]
[White "Pert, Richard G"]
[Black "Wells, Peter K"]
[Result "1/2-1/2"]
[WhiteElo "2457"]
[BlackElo "2487"]
[PlyCount "100"]
[EventDate "2011.??.??"]
[WhiteTeam "Cheddleton 1"]
[BlackTeam "White Rose 1"]

1. d4 Nf6 2. Bg5 e6 3. e4 h6 4. Bxf6 Qxf6 5. c3 d6 6. Bd3 g6 7. Ne2 Bg7 8. O-O
e5 9. f4 Qe7 10. Nd2 O-O 11. Nf3 Nd7 12. Qd2 c5 13. Rae1 a6 14. b4 cxb4 15.
cxb4 b5 16. Rc1 Rb8 17. Rc7 Qd8 18. Rfc1 exd4 19. R7c6 Nb6 20. Nexd4 Bb7 21.
R6c2 Nc4 22. Qf2 Re8 23. Re1 Rc8 24. Rce2 Na3 25. Re3 Qb6 26. e5 dxe5 27. fxe5
Nc4 28. R3e2 Rcd8 29. Bxc4 bxc4 30. Nc2 Qxf2+ 31. Kxf2 Rd3 32. Ne3 Rc8 33. Ng4
c3 34. Nf6+ Kf8 35. Rc1 h5 36. Ng5 h4 37. Ng4 Rc4 38. h3 Rxg4 39. hxg4 Bh6 40.
Nh7+ Kg7 41. g5 Kxh7 42. gxh6 Rg3 43. Kf1 Kxh6 44. Rec2 Rg5 45. Rf2 Rg3 46.
Rxf7 Bxg2+ 47. Kf2 Bd5 48. Rd7 Rd3 49. Ke2 Rd2+ 50. Ke1 Rd3 1/2-1/2

[Event "4NCL"]
[Site "Barcelo Hotel, Hinckley Island"]
[Date "2011.05.01"]
[Round "10.14"]
[White "Palliser, Richard JD"]
[Black "Hawkins, Jonathan"]
[Result "1/2-1/2"]
[WhiteElo "2448"]
[BlackElo "2429"]
[PlyCount "82"]
[EventDate "2011.??.??"]
[WhiteTeam "White Rose 1"]
[BlackTeam "Cheddleton 1"]

1. Nf3 Nf6 2. c4 g6 3. Nc3 Bg7 4. e4 d6 5. d4 O-O 6. Be2 e5 7. O-O Nc6 8. d5
Ne7 9. Ne1 Nd7 10. Be3 f5 11. f3 f4 12. Bf2 g5 13. Rc1 Ng6 14. Nb5 b6 15. b4 a6
16. Nc3 Nf6 17. c5 Rb8 18. cxb6 cxb6 19. b5 a5 20. Na4 Bd7 21. Qb3 g4 22. Rc6
g3 23. Bxb6 gxh2+ 24. Kxh2 Qe7 25. Rxd6 Qxd6 26. Bc5 Ng4+ 27. fxg4 Qf6 28. Bxf8
Bxf8 29. d6+ Kg7 30. Nc5 Qxd6 31. Nxd7 Qxd7 32. Nf3 Qxg4 33. Rc1 Be7 34. Rc7
Kh8 35. b6 Nh4 36. Nxh4 Qxh4+ 37. Qh3 Rxb6 38. Qxh4 Bxh4 39. Kh3 Bf2 40. Bc4
Rg6 41. Rc8+ Kg7 1/2-1/2

[Event "4NCL"]
[Site "Barcelo Hotel, Hinckley Island"]
[Date "2011.05.01"]
[Round "10.14"]
[White "Gormally, Daniel W"]
[Black "McNab, Colin A"]
[Result "1/2-1/2"]
[WhiteElo "2494"]
[BlackElo "2454"]
[PlyCount "192"]
[EventDate "2011.??.??"]
[WhiteTeam "Cheddleton 1"]
[BlackTeam "White Rose 1"]

1. e4 g6 2. d4 d6 3. Nc3 Bg7 4. Be3 Nf6 5. h3 O-O 6. Nf3 c6 7. Bd3 Nbd7 8. O-O
e5 9. Qd2 Re8 10. Bh6 Qb6 11. Bxg7 Kxg7 12. Na4 Qc7 13. Rfe1 b5 14. Nc3 a6 15.
dxe5 dxe5 16. Ne2 Nc5 17. Ng3 Ne6 18. a4 Rb8 19. Qc3 Nf4 20. axb5 axb5 21. Bf1
b4 22. Qc5 Nd7 23. Qa5 Qxa5 24. Rxa5 Re7 25. Rd1 Bb7 26. Nd2 Ra8 27. Rxa8 Bxa8
28. Ra1 Bb7 29. Ra7 Nc5 30. Ra5 Nfe6 31. Bc4 Rd7 32. Ngf1 Kf6 33. Nf3 Nxe4 34.
Bxe6 fxe6 35. Nxe5 Rd1 36. Ng4+ Ke7 37. f3 Nd6 38. Ra7 Kd7 39. Nge3 Rb1 40. b3
Kc7 41. Kf2 Kb6 42. Nd2 Kxa7 43. Nxb1 Kb6 44. c3 bxc3 45. Nxc3 Kc5 46. Nc2 e5
47. Na4+ Kb5 48. Nb2 Bc8 49. Nd3 e4 50. fxe4 Nxe4+ 51. Ke3 Nd6 52. Na3+ Kb6 53.
b4 Be6 54. Kf4 Nc4 55. Nc2 Bf5 56. Nce1 h6 57. g4 Bxd3 58. Nxd3 Kb5 59. g5
hxg5+ 60. Kxg5 Ne3 61. Kxg6 Kc4 62. Ne5+ Kd5 63. Kf6 Ng2 64. Kf5 Ne3+ 65. Kf4
Ng2+ 66. Kf3 Ne1+ 67. Kf2 Nc2 68. Nd3 Ke4 69. Ke2 Nd4+ 70. Kd2 Nb5 71. h4 Kf5
72. Ke3 Kg4 73. Ne5+ Kxh4 74. Nxc6 Kg5 75. Ke4 Kf6 76. Kd5 Kf7 77. Kc5 Na3 78.
Ne5+ Ke7 79. Nc4 Nc2 80. b5 Kd7 81. b6 Kc8 82. Na5 Ne3 83. Kc6 Kb8 84. b7 Ka7
85. Kd6 Kb8 86. Kc6 Ka7 87. Nb3 Nd5 88. Nc5 Nb4+ 89. Kc7 Nd5+ 90. Kd6 Nb4 91.
Kc7 Nd5+ 92. Kc8 Nb6+ 93. Kc7 Nd5+ 94. Kd7 Kb8 95. Kd6 Nb4 96. Kd7 Na6 1/2-1/2

[Event "4NCL"]
[Site "Barcelo Hotel, Hinckley Island"]
[Date "2011.05.01"]
[Round "10.14"]
[White "Shaw, John K"]
[Black "Paehtz, Elisabeth"]
[Result "0-1"]
[WhiteElo "2439"]
[BlackElo "2464"]
[PlyCount "64"]
[EventDate "2011.??.??"]
[WhiteTeam "White Rose 1"]
[BlackTeam "Cheddleton 1"]

1. e4 e6 2. d4 d5 3. Nd2 Be7 4. c3 c5 5. dxc5 Bxc5 6. Nb3 Bb6 7. exd5 exd5 8.
Qe2+ Ne7 9. Be3 Nbc6 10. Bxb6 Qxb6 11. Qb5 Qc7 12. Nf3 O-O 13. Be2 Ng6 14. O-O
Nf4 15. Nbd4 Bd7 16. Qb3 Rfe8 17. Rfe1 Re4 18. Bf1 Rae8 19. Rxe4 dxe4 20. Ng5
Re7 21. Bc4 Ne5 22. Bd5 Nxd5 23. Qxd5 Ng4 24. Nf5 Bxf5 25. Qxf5 Qxh2+ 26. Kf1
g6 27. Qc5 Qh1+ 28. Ke2 Qxa1 29. Qxe7 Qxb2+ 30. Kd1 Nxf2+ 31. Ke1 Nd3+ 32. Kd1
Qb1+ 0-1

[Event "4NCL"]
[Site "Barcelo Hotel, Hinckley Island"]
[Date "2011.05.01"]
[Round "10.14"]
[White "Arkell, Keith C"]
[Black "Buckley, Simon T"]
[Result "1/2-1/2"]
[WhiteElo "2412"]
[BlackElo "2345"]
[PlyCount "91"]
[EventDate "2011.??.??"]
[WhiteTeam "Cheddleton 1"]
[BlackTeam "White Rose 1"]

1. d4 Nf6 2. Nf3 g6 3. g3 Bg7 4. c4 O-O 5. Bg2 c6 6. O-O d5 7. cxd5 cxd5 8. Nc3
Ne4 9. e3 Nxc3 10. bxc3 Nc6 11. Nd2 Na5 12. Ba3 Be6 13. Qa4 Rc8 14. Bxe7 Qxe7
15. Qxa5 b6 16. Qb4 Qxb4 17. cxb4 Rc2 18. Nb3 Rc4 19. a3 Rc3 20. Nc1 g5 21. b5
Rfc8 22. h4 h6 23. hxg5 hxg5 24. Na2 Rb3 25. Nb4 Bf8 26. Nc6 a5 27. a4 f6 28.
Rfb1 Rd3 29. Re1 Kf7 30. e4 dxe4 31. Bxe4 Rd2 32. Bg6+ Kxg6 33. Rxe6 Kf7 34.
Re4 Re8 35. Rae1 Rxe4 36. Rxe4 Ra2 37. Nd8+ Kg6 38. Ne6 Kf5 39. f3 Bd6 40. g4+
Kg6 41. d5 Rd2 42. Kf1 Rd1+ 43. Ke2 Rxd5 44. Nd4 Kf7 45. Nf5 Bc5 46. Nh6+
1/2-1/2

[Event "4NCL"]
[Site "Barcelo Hotel, Hinckley Island"]
[Date "2011.05.01"]
[Round "10.14"]
[White "Croad, Nicolas"]
[Black "Bellin, Robert"]
[Result "1/2-1/2"]
[WhiteElo "2290"]
[BlackElo "2362"]
[PlyCount "101"]
[EventDate "2011.??.??"]
[WhiteTeam "White Rose 1"]
[BlackTeam "Cheddleton 1"]

1. d4 f5 2. Nc3 d5 3. Bg5 c6 4. e3 Qb6 5. Rb1 Be6 6. Bd3 Nd7 7. Nge2 g6 8. b4
Bg7 9. O-O h6 10. Bh4 g5 11. Bg3 Ngf6 12. Na4 Qd8 13. Nc5 Nxc5 14. bxc5 b6 15.
Ba6 Bc8 16. Bxc8 Rxc8 17. cxb6 axb6 18. Be5 O-O 19. f3 Ra8 20. Nc1 Nd7 21. Bxg7
Kxg7 22. Nd3 Qc7 23. Rb2 e5 24. dxe5 Nxe5 25. Nxe5 Qxe5 26. Qd4 Qxd4 27. exd4
b5 28. Re1 Kf6 29. Kf2 Rf7 30. c3 Ra3 31. Rc2 Rfa7 32. Ree2 f4 33. Ke1 R7a4 34.
Kd1 Rc4 35. Kd2 Kf7 36. h3 Kf6 37. Re8 b4 38. cxb4 Rxc2+ 39. Kxc2 Rxa2+ 40. Kb3
Rxg2 41. Rc8 Rg3 42. Rxc6+ Kf5 43. Rc3 Rxh3 44. b5 g4 45. fxg4+ Kxg4 46. b6 f3
47. b7 f2 48. b8=Q Rxc3+ 49. Kxc3 f1=Q 50. Qg8+ Kh4 51. Qxd5 1/2-1/2

[Event "4NCL"]
[Site "Barcelo Hotel, Hinckley Island"]
[Date "2011.05.01"]
[Round "10.14"]
[White "Wallace, Paul A"]
[Black "Townsend, M Paul"]
[Result "0-1"]
[WhiteElo "2245"]
[BlackElo "2266"]
[PlyCount "120"]
[EventDate "2011.??.??"]
[WhiteTeam "Cheddleton 1"]
[BlackTeam "White Rose 1"]

1. e4 e6 2. d4 d5 3. Nd2 Nc6 4. Ngf3 Nf6 5. e5 Nd7 6. Be2 Be7 7. O-O O-O 8. b3
f6 9. Bb2 fxe5 10. dxe5 Nc5 11. c3 a5 12. a3 b6 13. b4 axb4 14. axb4 Rxa1 15.
Bxa1 Nd7 16. Qa4 Ncxe5 17. Nd4 Nf6 18. c4 Ng6 19. Nc6 Qd6 20. Nxe7+ Nxe7 21.
Nf3 Ng6 22. g3 Bb7 23. Qa7 Bc6 24. c5 bxc5 25. bxc5 Qe7 26. Be5 Nxe5 27. Nxe5
Be8 28. Bd3 Nd7 29. Nxd7 Qxd7 30. Rb1 Qf7 31. c6 e5 32. Rb7 Bxc6 33. Rxc7 Qf6
34. Qb6 Ba8 35. Qxf6 Rxf6 36. Rd7 Bc6 37. Rc7 Rd6 38. f3 Bd7 39. Kf2 h6 40. h4
Kf7 41. h5 Kf6 42. Bg6 Be6 43. Ke3 Rd7 44. Rc6 Ke7 45. f4 e4 46. Kd4 Rd6 47.
Rc7+ Rd7 48. Rc6 Ra7 49. f5 Bf7 50. Bxf7 Kxf7 51. Rc3 Re7 52. Re3 Kf6 53. Kxd5
Kxf5 54. Kd6 Re5 55. Re1 Ra5 56. Kd7 Ra8 57. Kd6 Rd8+ 58. Ke7 Rd3 59. g4+ Kxg4
60. Rg1+ Rg3 0-1

[Event "4NCL"]
[Site "Barcelo Hotel, Hinckley Island"]
[Date "2011.05.01"]
[Round "10.14"]
[White "Messam-Sparks, Lateefah"]
[Black "Steil-Antoni, Fiona"]
[Result "1-0"]
[WhiteElo "1909"]
[BlackElo "2117"]
[PlyCount "113"]
[EventDate "2011.??.??"]
[WhiteTeam "White Rose 1"]
[BlackTeam "Cheddleton 1"]

1. d4 Nf6 2. c4 e6 3. Nc3 Bb4 4. Qc2 d5 5. cxd5 exd5 6. Bd2 O-O 7. e3 c6 8. Bd3
Nbd7 9. Nge2 Re8 10. f3 Nf8 11. O-O Ng6 12. Kh1 Ba5 13. e4 dxe4 14. fxe4 Bb6
15. e5 Ng4 16. Bc4 Rf8 17. Ne4 Bxd4 18. Bxf7+ Rxf7 19. Rxf7 Kxf7 20. Nd6+ Kf8
21. Nxd4 N4xe5 22. Nxc8 Qxc8 23. Qb3 Ke7 24. Nf5+ Kd7 25. Nxg7 b6 26. Qh3+ Kc7
27. Qxh7 Qd7 28. Ne6+ Kb7 29. Qxd7+ Nxd7 30. Bc3 Rg8 31. Rf1 Nge5 32. h3 Rg6
33. Nf8 Nxf8 34. Rxf8 Nd3 35. Rf7+ Ka6 36. a3 c5 37. Rf3 Nc1 38. g4 Rd6 39. Kg2
Re6 40. Rf2 Nd3 41. Rf3 c4 42. Kf1 Kb5 43. g5 Ka4 44. Rg3 Nf4 45. Rg4 Nxh3 46.
Rxc4+ Kb5 47. Rg4 Nxg5 48. Rxg5+ Kc4 49. Re5 Rh6 50. Ke2 b5 51. Kd2 a6 52. Kc2
Rh2+ 53. Bd2 Kd4 54. Rg5 Kc4 55. b3+ Kd4 56. Rg6 a5 57. Ra6 1-0

[Event "4NCL"]
[Site "Barcelo Hotel, Hinckley Island"]
[Date "2011.05.01"]
[Round "10.15"]
[White "Shanmugam, Ravindran"]
[Black "Houska, Jovanka"]
[Result "0-1"]
[WhiteElo "2293"]
[BlackElo "2419"]
[PlyCount "155"]
[EventDate "2011.??.??"]
[WhiteTeam "Oxford 1"]
[BlackTeam "Wood Green Hilsmark 2"]

1. e4 c6 2. d4 d5 3. e5 Bf5 4. c4 e6 5. Nc3 Ne7 6. Nge2 dxc4 7. Ng3 Bg6 8. Bxc4
Nd7 9. h4 Nb6 10. Bb3 h6 11. h5 Bh7 12. O-O Ned5 13. Bc2 Bxc2 14. Qxc2 Qd7 15.
Qe4 O-O-O 16. Nce2 f5 17. exf6 gxf6 18. Nf4 Nxf4 19. Bxf4 Nd5 20. Ne2 Rg8 21.
Rfe1 Bb4 22. Red1 Rg4 23. Qf3 Rdg8 24. g3 Bd6 25. Bxh6 f5 26. Kf1 Qh7 27. Bf4
Bxf4 28. Nxf4 Nxf4 29. gxf4 Qxh5 30. Ke2 Qh6 31. Ke3 Qf8 32. Rac1 Qb4 33. Rd3
Rg1 34. Rb3 Qd6 35. Rbc3 Rxc1 36. Rxc1 Qb4 37. Qe2 Rg4 38. Kd3 Qb5+ 39. Rc4 Qd5
40. Qe5 Qf3+ 41. Qe3 Rxf4 42. Rc1 Qxe3+ 43. Kxe3 Re4+ 44. Kd3 e5 45. dxe5 Rxe5
46. Rh1 Kc7 47. Rh7+ Kb6 48. Rf7 a6 49. a3 a5 50. b3 a4 51. Kc3 axb3 52. Kxb3
Rb5+ 53. Ka2 Rd5 54. f4 Rb5 55. Ka1 Ka6 56. Ka2 b6 57. Rf6 Rc5 58. Kb3 Ka5 59.
Re6 b5 60. Rf6 Kb6 61. Rf7 Rd5 62. Kc3 c5 63. Rf6+ Ka5 64. Rf8 c4 65. Ra8+ Kb6
66. Rb8+ Kc5 67. Rc8+ Kd6 68. a4 Rc5 69. Ra8 bxa4 70. Rd8+ Ke7 71. Ra8 Ke6 72.
Kd4 Rc6 73. Kc3 Kd5 74. Re8 Re6 75. Rd8+ Ke4 76. Rd4+ Kf3 77. Rxc4 Re4 78. Rxe4
0-1

[Event "4NCL"]
[Site "Barcelo Hotel, Hinckley Island"]
[Date "2011.05.01"]
[Round "10.15"]
[White "McDonald, Neil"]
[Black "Savage, Ben DM"]
[Result "1-0"]
[WhiteElo "2460"]
[BlackElo "2289"]
[PlyCount "109"]
[EventDate "2011.??.??"]
[WhiteTeam "Wood Green Hilsmark 2"]
[BlackTeam "Oxford 1"]

1. e4 e5 2. Nf3 Nc6 3. Bb5 a6 4. Ba4 Nf6 5. d3 b5 6. Bb3 Be7 7. O-O d6 8. a4 b4
9. a5 O-O 10. Nbd2 Be6 11. Nc4 Rb8 12. Re1 Nd7 13. Be3 Bf6 14. Ba4 Ne7 15. c3
bxc3 16. bxc3 Bxc4 17. dxc4 Nc5 18. Bxc5 dxc5 19. Nd2 Qd3 20. Re3 Qd6 21. Nb3
Rfd8 22. Re1 Ng6 23. Qg4 Be7 24. Red1 Qf6 25. g3 Nf8 26. Kg2 g6 27. Qf3 Qxf3+
28. Kxf3 Rxd1 29. Rxd1 Bd6 30. Ke2 Ne6 31. Kd3 Kf8 32. Kc2 Ke7 33. Nd2 f5 34.
exf5 gxf5 35. Nf1 f4 36. Nd2 Rf8 37. Ne4 Nd8 38. Rb1 Ke6 39. Rb8 Nf7 40. Rb7
Kf5 41. f3 fxg3 42. hxg3 Ng5 43. Bc6 Kg6 44. Nxg5 Kxg5 45. Ra7 e4 46. Bxe4 Bxg3
47. Rxa6 h5 48. Rg6+ Kf4 49. a6 c6 50. a7 Ra8 51. Rg7 h4 52. Bxc6 Rxa7 53. Rxa7
h3 54. Rf7+ Ke3 55. f4 1-0

[Event "4NCL"]
[Site "Barcelo Hotel, Hinckley Island"]
[Date "2011.05.01"]
[Round "10.15"]
[White "Shaw, David A"]
[Black "Martin, Andrew D"]
[Result "1/2-1/2"]
[WhiteElo "2244"]
[BlackElo "2406"]
[PlyCount "34"]
[EventDate "2011.??.??"]
[WhiteTeam "Oxford 1"]
[BlackTeam "Wood Green Hilsmark 2"]

1. e4 c6 2. d4 d5 3. exd5 cxd5 4. Bd3 Nc6 5. c3 g6 6. Bf4 Bg7 7. Nf3 Nf6 8. Qb3
O-O 9. h3 b6 10. Nbd2 Bb7 11. O-O Ne4 12. Rfe1 Nxd2 13. Nxd2 e6 14. Nf3 Qc8 15.
Qa3 Re8 16. Ne5 Bf8 17. Qa4 Nxe5 1/2-1/2

[Event "4NCL"]
[Site "Barcelo Hotel, Hinckley Island"]
[Date "2011.05.01"]
[Round "10.15"]
[White "Sowray, Peter J"]
[Black "White, Michael JR"]
[Result "1-0"]
[WhiteElo "2340"]
[BlackElo "2233"]
[PlyCount "63"]
[EventDate "2011.??.??"]
[WhiteTeam "Wood Green Hilsmark 2"]
[BlackTeam "Oxford 1"]

1. e4 c5 2. Nf3 Nc6 3. d4 cxd4 4. Nxd4 Nf6 5. Nc3 e5 6. Ndb5 d6 7. Bg5 a6 8.
Na3 b5 9. Nd5 Be7 10. Bxf6 Bxf6 11. c4 b4 12. Nc2 a5 13. Qf3 Be6 14. Rd1 a4 15.
Ncxb4 Nxb4 16. Nxb4 Qa5 17. a3 O-O 18. Be2 Rfc8 19. O-O Qc5 20. Rc1 Bd8 21.
Rfd1 Ba5 22. Nd5 Rcb8 23. Nc3 Bxc3 24. Qxc3 Ra6 25. h3 Rab6 26. Rc2 f5 27. Bf3
f4 28. Bg4 Bf7 29. Bd7 Bh5 30. Rd5 Qc7 31. Bxa4 Bg6 32. Qd3 1-0

[Event "4NCL"]
[Site "Barcelo Hotel, Hinckley Island"]
[Date "2011.05.01"]
[Round "10.15"]
[White "Eckersley-Waites, Tom"]
[Black "Greet, Andrew N"]
[Result "1-0"]
[WhiteElo "2246"]
[BlackElo "2451"]
[PlyCount "87"]
[EventDate "2011.??.??"]
[WhiteTeam "Oxford 1"]
[BlackTeam "Wood Green Hilsmark 2"]

1. d4 d6 2. Nf3 Bg4 3. e4 Nf6 4. h3 Bh5 5. Nc3 e6 6. Qe2 a6 7. g4 Bg6 8. g5
Nfd7 9. Be3 b5 10. a3 Bh5 11. Bg2 c5 12. dxc5 dxc5 13. O-O-O Be7 14. Qd2 Nc6
15. Nd5 Bxf3 16. Bxf3 exd5 17. exd5 Nce5 18. d6 Nxf3 19. dxe7 Qxe7 20. Qd5 O-O
21. Qxd7 Qxd7 22. Rxd7 c4 23. Rhd1 f6 24. gxf6 Rxf6 25. a4 c3 26. Rd8+ Rxd8 27.
Rxd8+ Kf7 28. axb5 cxb2+ 29. Kxb2 axb5 30. Rd5 Ng1 31. h4 Nh3 32. Rxb5 Nxf2 33.
Rb7+ Kg6 34. Bd4 Nd1+ 35. Kc1 Rf4 36. Rxg7+ Kh6 37. Rd7 Rf1 38. Bg7+ Kg6 39.
Rxd1 Rf4 40. Rg1+ Kf7 41. h5 Rf5 42. h6 Kg8 43. Re1 Rf1 44. Kd1 1-0

[Event "4NCL"]
[Site "Barcelo Hotel, Hinckley Island"]
[Date "2011.05.01"]
[Round "10.15"]
[White "Bellon Lopez, Juan M"]
[Black "Smallbone, Kieran D"]
[Result "1-0"]
[WhiteElo "2397"]
[BlackElo "2221"]
[PlyCount "79"]
[EventDate "2011.??.??"]
[WhiteTeam "Wood Green Hilsmark 2"]
[BlackTeam "Oxford 1"]

1. d4 d5 2. Bf4 Nf6 3. e3 c5 4. dxc5 Nc6 5. Bb5 Qa5+ 6. Nc3 a6 7. Bxc6+ bxc6 8.
Qd4 e6 9. b4 Qa3 10. Nge2 a5 11. b5 Bxc5 12. Qa4 Qb2 13. Rb1 cxb5 14. Rxb2 bxa4
15. Nxa4 Nd7 16. Nxc5 Nxc5 17. Rb5 Ne4 18. f3 Nf6 19. Be5 Ba6 20. Rxa5 Kd7 21.
Nc3 Rhc8 22. Kd2 Ne8 23. Na4 Rc6 24. Rb1 Nd6 25. Bxd6 Kxd6 26. Rb6 Bb7 27. Rxa8
Bxa8 28. c4 Kc7 29. Rxc6+ Bxc6 30. Nb2 Kb6 31. Kc3 Ka5 32. cxd5 Bxd5 33. a3 Kb5
34. e4 Ba2 35. Nd3 f6 36. Nc1 Bc4 37. a4+ Kc5 38. Nb3+ Bxb3 39. Kxb3 e5 40. g4
1-0

[Event "4NCL"]
[Site "Barcelo Hotel, Hinckley Island"]
[Date "2011.05.01"]
[Round "10.15"]
[White "Tidman, Sophie E"]
[Black "Hanley, Craig A"]
[Result "1/2-1/2"]
[WhiteElo "2109"]
[BlackElo "2433"]
[PlyCount "33"]
[EventDate "2011.??.??"]
[WhiteTeam "Oxford 1"]
[BlackTeam "Wood Green Hilsmark 2"]

1. e4 c5 2. Nf3 d6 3. d4 cxd4 4. Nxd4 Nf6 5. Nc3 a6 6. Be3 g6 7. Qd2 b5 8. f3
Nbd7 9. O-O-O Bb7 10. g4 Bg7 11. h4 h5 12. gxh5 Nxh5 13. Rg1 Nb6 14. f4 b4 15.
Nd5 Nxd5 16. exd5 Qa5 17. f5 1/2-1/2

[Event "4NCL"]
[Site "Barcelo Hotel, Hinckley Island"]
[Date "2011.05.01"]
[Round "10.15"]
[White "Tiller, Bjorn"]
[Black "Rawlinson, Aidan M"]
[Result "1/2-1/2"]
[WhiteElo "2393"]
[BlackElo "2183"]
[PlyCount "43"]
[EventDate "2011.??.??"]
[WhiteTeam "Wood Green Hilsmark 2"]
[BlackTeam "Oxford 1"]

1. f4 d5 2. Nf3 g6 3. g3 Bg7 4. Bg2 Nf6 5. O-O O-O 6. d3 c5 7. Nc3 d4 8. Na4
Qc7 9. c3 Rd8 10. cxd4 cxd4 11. Bd2 Nc6 12. b4 e6 13. Rc1 Qd6 14. Rc4 a6 15.
Ne5 Bd7 16. Nc5 Nxe5 17. fxe5 Qxe5 18. Nxb7 Rf8 19. Bf4 Qh5 20. h3 Nd5 21. g4
Qh4 22. Qd2 1/2-1/2

[Event "4NCL"]
[Site "Barcelo Hotel, Hinckley Island"]
[Date "2011.05.01"]
[Round "10.16"]
[White "Pinter, Gabor"]
[Black "Jirka, Jiri"]
[Result "1-0"]
[WhiteElo "2363"]
[BlackElo "2425"]
[PlyCount "41"]
[EventDate "2011.??.??"]
[WhiteTeam "Cambridge University 1"]
[BlackTeam "The AD's"]

1. e4 e5 2. Nf3 Nc6 3. Bb5 Bc5 4. O-O Nd4 5. Nxd4 exd4 6. d3 c6 7. Ba4 Ne7 8.
Nd2 O-O 9. f4 a5 10. a3 b5 11. Bb3 a4 12. Ba2 d5 13. f5 f6 14. g4 Kh8 15. Nf3
Bb6 16. g5 Qe8 17. Nh4 fxg5 18. Bxg5 dxe4 19. Bxe7 e3 20. Ng6+ hxg6 21. Qg4 1-0

[Event "4NCL"]
[Site "Barcelo Hotel, Hinckley Island"]
[Date "2011.05.01"]
[Round "10.16"]
[White "Cernousek, Lukas"]
[Black "Dearing, Edward J"]
[Result "0-1"]
[WhiteElo "2410"]
[BlackElo "2412"]
[PlyCount "144"]
[EventDate "2011.??.??"]
[WhiteTeam "The AD's"]
[BlackTeam "Cambridge University 1"]

1. d4 d5 2. c4 c6 3. Nf3 Nf6 4. g3 Bf5 5. Nc3 e6 6. Nh4 Be4 7. f3 Bg6 8. Qb3
Qb6 9. Nxg6 hxg6 10. c5 Qc7 11. e4 Nh5 12. Bg2 Nd7 13. e5 f6 14. g4 fxe5 15.
gxh5 exd4 16. Ne2 Nxc5 17. Qd1 e5 18. Bh3 Qf7 19. O-O Rxh5 20. Bg4 Rh8 21. Nxd4
exd4 22. Re1+ Kd8 23. Bg5+ Kc7 24. b4 Re8 25. Rxe8 Qxe8 26. Bf4+ Kd8 27. bxc5
Bxc5 28. Rc1 Qf8 29. Qd2 b6 30. Kg2 Qf7 31. Bg3 Qf6 32. Rxc5 bxc5 33. Qb2 Re8
34. Qb7 Re2+ 35. Kf1 Re6 36. Bh4 g5 37. Qb8+ Ke7 38. Qc7+ Kf8 39. Bxg5 Qf7 40.
Qc8+ Re8 41. Qxc6 c4 42. Qc5+ Kg8 43. Qxd4 Re4 44. Qc5 Kh7 45. Qf2 Re8 46. Be3
Qg6 47. Kg2 c3 48. Bd4 c2 49. Bb2 Rc8 50. Bc1 Rb8 51. Qg3 Re8 52. Bb2 c1=Q 53.
Bxc1 Qc2+ 54. Qf2 Qxc1 55. Qxa7 Qf4 56. Qf2 Kg8 57. Qc2 d4 58. h4 Qd6 59. Bf5
Rd8 60. Qd3 Qf4 61. Kh3 Kh8 62. Be4 g5 63. Qa6 Qxh4+ 64. Kg2 g4 65. Qe6 gxf3+
66. Bxf3 Qg5+ 67. Kf1 d3 68. a4 d2 69. Bd1 Qf4+ 70. Ke2 Qh2+ 71. Ke3 Qg3+ 72.
Ke2 Qe1+ 0-1

[Event "4NCL"]
[Site "Barcelo Hotel, Hinckley Island"]
[Date "2011.05.01"]
[Round "10.16"]
[White "Mah, Karl CC"]
[Black "Richardson, John R"]
[Result "1/2-1/2"]
[WhiteElo "2428"]
[BlackElo "2307"]
[PlyCount "93"]
[EventDate "2011.??.??"]
[WhiteTeam "Cambridge University 1"]
[BlackTeam "The AD's"]

1. c4 e5 2. Nc3 Nf6 3. Nf3 Nc6 4. g3 Bb4 5. Nd5 e4 6. Nh4 Bc5 7. Bg2 O-O 8. O-O
Re8 9. e3 d6 10. f3 Nxd5 11. cxd5 exf3 12. Nxf3 Ne7 13. Ng5 Rf8 14. Qh5 h6 15.
Ne4 f5 16. Nc3 Bd7 17. d4 Bb6 18. a4 c5 19. dxc5 Bxc5 20. Kh1 Be8 21. Qe2 Bg6
22. Bd2 Qd7 23. a5 a6 24. Na4 Ba7 25. Rfc1 Bf7 26. Qd3 Qb5 27. Qxb5 axb5 28.
Nc3 b4 29. Na2 Bxd5 30. Nxb4 Bxg2+ 31. Kxg2 Rac8 32. a6 bxa6 33. Rxc8 Rxc8 34.
Rxa6 Bc5 35. Nd3 Rb8 36. b4 Bb6 37. Kf3 Nd5 38. Nf4 Nf6 39. h3 h5 40. Bc1 g5
41. Nd3 Kf7 42. Bb2 Nd5 43. g4 hxg4+ 44. hxg4 Re8 45. Bc1 fxg4+ 46. Kxg4 Bxe3
47. Rxd6 1/2-1/2